000
00266nam a22001097a 4500
082
_a
324.2 BAK'U
100
_a
BAKKE, E. WIGHT,KERR, CLARK
_9
60520
245
_a
UNIONS MANAGEMENT AND THE PUBLIC
260
_a
NEWYORK
_b
HARTCOURT
_c
1949
300
_a
946P
942
_c
BK
999
_c
570223
_d
570223